000 00597cam a2200217 4500
001 J60801
008 000000n2000 000 0 eng u
035 _a(Sirsi) u105011
041 _aeng
050 _a711.5520212
110 _aKing Sturge & Co.
_91183
245 _aIndustrial floorspace today. - Issue 1 -3 volume 2000
260 _aLondon
_bKing Sturge & Co.
_c2000
300 _a3 pt. ; 30cm.
650 _aFLOORSPACE STATISTICS
650 _aINDUSTRIAL FLOORSPACE
650 _aINDUSTRIAL MARKET
650 _aWAREHOUSES
690 _aPROPERTY-COMMERCIAL PROPERTY
942 _n0
999 _c100318
_d100318